000 00232nam a2200097Ia 4500
001 974965
005 20250826220639.0
008 250824s9999 xx 000 0 und d
245 0 _aYÜZLEŞME
_cUĞUR KOŞAR
260 _bDESTEK YAYINLARI
999 _c974965
_d974965